Регионална библиотека "Любен Каравелов" - Русе

Избрани творби (Запис номер 188412)

MARC детайли
000 -Лидер
Контролно поле с фиксирана дължина 01977nam a2200397 c 4500
003 - Код на организацията, давaща контролен номер
Контролно поле BLK
005 - Дата и час на последна редакция
Контролно поле 20210909124906.0
008 - Елементи от данни с фиксирана дължина
fixed length control field 180411b bul|||||r ||||||| ||bul||
010 ## - Наследен системен номер
LC control number KNG00197430000
040 ## - Източник на каталожния запис
Идентификатор на билиотеката - собственик на записа BLK
041 ## - Код за език
Код за езика на текст/звукозапис или на отделно заглавие Български
Код за езика КДБФ Български
080 ## - УДК
Текстов определител УДК Английска литература
УДК код - определител по УДК 821.111
УДК определител (081.2)
УДК - код + определител 821.111(081.2)
080 ## - УДК
Текстов определител УДК Английска литература
УДК код - определител по УДК 821.111
УДК определител -31
УДК - код + определител 821.111-31
100 1# - Редна дума - Автор
Автор Харди, Томас
Авторска отговорност първи автор
R(LIN) 374853
139 ## - Редно поле
Редна дума Харди, Томас
Авторски знак Хар - Х 26
245 10 - Сведения за заглавието
Заглавие Избрани творби
Подзаглавни данни В 3 т. За том: Роман
Редно поле (дума) Томас Харди; прев. на том Невяна Николова; прев. на том Весела Кацарова; ред. кол. Александър Шурбанов; предг. от Невяна Николова; състав. на том Георги Папанчев.
Том Т. 3
Заглавие на том Невзрачния Джуд
257 ## - Страна на издаване
Страна на създаване/издаване Великобритания
260 ## - Област на издателските данни
Име на издателя, разпространителя и проч. Нар. култура
Година на издаване 1987
300 ## - Физическа характеристика
Размери/Мащаб 21 см
380 ## - Жанр
Жанр Худож. лит.
500 ## - Общи забележки
Забележка 100 125 тир.
505 ## - Форматирана забележка
Заглавие Разкази
653 ## - Ключова дума – ненормативна
Ключова дума романи
653 ## - Ключова дума – ненормативна
Ключова дума разкази
700 1# - Други автори (авторска отговорност)
Лично име Николова, Невяна
Автороска отговорност (Описва отношението между автора и произведението) прев. на том
9 (RLIN) 370014
700 1# - Други автори (авторска отговорност)
Лично име Кацарова, Весела
Автороска отговорност (Описва отношението между автора и произведението) прев. на том
9 (RLIN) 381965
700 1# - Други автори (авторска отговорност)
Лично име Шурбанов, Александър
Автороска отговорност (Описва отношението между автора и произведението) ред. кол.
9 (RLIN) 367702
700 1# - Други автори (авторска отговорност)
Лично име Николова, Невяна
Автороска отговорност (Описва отношението между автора и произведението) предг. от
9 (RLIN) 370014
700 1# - Други автори (авторска отговорност)
Лично име Папанчев, Георги
Автороска отговорност (Описва отношението между автора и произведението) състав. на том
9 (RLIN) 372395
760 1# - Описание на основната серия
Редна дума на основното описание Харди, Томас
Място на издаване, издател и година 1987
Страници - том 623 с. : с к.
Забележка - том Ориг. загл. Jude the obscure ; Прев. на разказите е направен от The distracted preacher and the other tales / Thomas Hardy.
Заглавие Т. 3 Невзрачния Джуд
852 ## - Местоположение
Форматна сигнатура Цб 148514
856 4# - Електронен адрес и достъп
Електронен формат pdf - файл
856 4# - Електронен адрес и достъп
Електронен формат pdf - файл
999 ## - СИСТЕМНИ КОНТРОЛНИ НОМЕРА
Koha biblionumber 188412
Koha biblioitemnumber 188412
942 ## - АРТИКУЛИ
Вид на библиотечния материал Книги
Скрит в OPAC Не
Koha issues (borrowed), all copies 6
Периодичен библиозапис Да
944 ## - СЪЗДАВАНЕ И РЕДАКЦИЯ на ЗАПИСА
Създаване/Редакция Създаване
Дата на регистрацията/редакция 05.12.2016
Статус, дата на статуса ф /
Служител, извършил регистрацията/редакцията Нора_Радева
944 ## - СЪЗДАВАНЕ И РЕДАКЦИЯ на ЗАПИСА
Създаване/Редакция Редакция
Дата на регистрацията/редакция 14.02.2018
Статус, дата на статуса ф /
Служител, извършил регистрацията/редакцията Людмила_Стоянова
999 ## - СИСТЕМНИ КОНТРОЛНИ НОМЕРА
Koha biblioitemnumber 188412
Наличности
Код за отписване Код за изгубен артикул Източник на класификационната схема Код за повреда Коз за рестрикции Код за отдаване Артикулен № Име на библиотеката - собственик Име на библиотеката, в която се намира в момента Статус (Текущо местоположение) Дата на вписване в системата Местоположение - отдел Цена в лева Инвентарен номер Систематично азбучна сигнатура Баркод Номер на екземпляра Цена в евро Служебна бележка Служебен тип на артикула Бележка за публиката
  Не е изгубен Universal Decimal Classification Не е повреден без рестрикции ползва се в читалня 330516 Регионална библиотека "Любен Каравелов" Русе Регионална библиотека "Любен Каравелов" Русе Хранилище 1987-01-01 Хранилище 4.89 482910 Цб 148514 120000482910 1 2.50 Дост: Dp Вид: Д N: стар фонд Дата: 01.01.1987 Книги  
Изтеглен Не е изгубен   Не е повреден без рестрикции заемане за дома 330517 Регионална библиотека "Любен Каравелов" Русе Регионална библиотека "Любен Каравелов" Русе   1987-01-01 Заемна - подръчен фонд 0.00 484146 П 820(081)/Х 26 484146 2 0.00 Дост: Pk Вид: Ф N: стар фонд Дата: 01.01.1987 Дата инв: 16.02.2018 Бележки инв: П2018 Книги Отч.N: 68 , Дата: 22.12.2017
Изтеглен Не е изгубен   Не е повреден без рестрикции заемане за дома 330518 Регионална библиотека "Любен Каравелов" Русе Регионална библиотека "Любен Каравелов" Русе   1987-01-01 Заемна - подръчен фонд 4.89 484148 П 820(081)/Х 26 484148 3 2.50 Дост: Pk Вид: Ф N: стар фонд Дата: 01.01.1987 Книги Отч.N: 5 , Дата: 19.01.2018
  Не е изгубен Universal Decimal Classification Не е повреден без рестрикции заемане за дома 330519 Регионална библиотека "Любен Каравелов" Русе Регионална библиотека "Любен Каравелов" Русе Дубликат 1987-01-01 Заемна - подръчен фонд 4.89 484149 П 820(081)/Х 26 120000484149 4 2.50 Дост: Pk Вид: Ф N: стар фонд Дата: 01.01.1987 Книги  
Изтеглен Не е изгубен Universal Decimal Classification Не е повреден без рестрикции заемане за дома 330520 Регионална библиотека "Любен Каравелов" Русе Регионална библиотека "Любен Каравелов" Русе Заемна - подръчен фонд 1987-01-01 Заемна - подръчен фонд 4.89 484152 П 820(081)/Х 26 484152 5 2.50 Дост: Pk Вид: Ф N: стар фонд Дата: 01.01.1987 Дата инв: 13.02.2018 Бележки инв: П2018 Книги  
  Не е изгубен   Не е повреден без рестрикции заемане за дома 330521 Регионална библиотека "Любен Каравелов" Русе Регионална библиотека "Любен Каравелов" Русе Заемна - подръчен фонд 2017-12-14 Заемна - подръчен фонд 16.00 120000817881 П 820(081)/Х 26 120000817881 6 8.18 Дост: DA Вид: А N: 44 Дата: 14.12.2017 Дата инв: 15.02.2018 Бележки инв: П2018 Книги  
  Не е изгубен   Не е повреден без рестрикции заемане за дома 330522 Регионална библиотека "Любен Каравелов" Русе Регионална библиотека "Любен Каравелов" Русе Заемна - подръчен фонд 2017-12-22 Заемна - подръчен фонд 16.00 120000818592 П 820(081)/Х 26 120000818592 7 8.18 Дост: DA Вид: Г N: 45 Дата: 22.12.2017 Дата инв: 15.02.2018 Бележки инв: П2018 Книги  
Vip Innovations Ltd, Rousse, Bulgaria 2025